000 00438nam a2200133 a 4500
008 120416s1987 xx |||||||||||||| || u
050 _aHB 171.5 Gor
100 _aGordon, Sanford D
245 1 0 _aIntroductory economics
250 _a6th ed.
260 _c1987
350 _a0.00
995 _D0.00
_FCBU-MAIN LIBRARY (Kitwe)
_H1
_I315.95
_UAVAILABLE
_ZMain Library Open Access Collection
999 _c48105
_d48105